El mundo y sus demonios (Registro nro. 12726)

000 -CABECERA
campo de control de longitud fija 02628nam a2200349 i 4500
003 - IDENTIFICADOR DEL NÚMERO DE CONTROL
campo de control OSt
005 - FECHA Y HORA DE LA ÚLTIMA TRANSACCIÓN
campo de control 20210108130619.0
007 - CAMPO FIJO DE DESCRIPCIÓN FÍSICA--INFORMACIÓN GENERAL
campo de control de longitud fija ta
008 - DATOS DE LONGITUD FIJA--INFORMACIÓN GENERAL
campo de control de longitud fija 201112m20192020ck er 000 0 spa d
020 ## - NÚMERO INTERNACIONAL ESTÁNDAR DEL LIBRO
Número Internacional Estándar del Libro 9788408035152
020 ## - NÚMERO INTERNACIONAL ESTÁNDAR DEL LIBRO
Número Internacional Estándar del Libro 9789584237033
020 ## - NÚMERO INTERNACIONAL ESTÁNDAR DEL LIBRO
Número Internacional Estándar del Libro 9584237039
040 ## - FUENTE DE LA CATALOGACIÓN
Centro catalogador/agencia de origen CO-BoRNBP
Lengua de catalogación spa
Normas de descripción rda
Centro/agencia transcriptor CO-BoRNBP
041 1# - CÓDIGO DE LENGUA
Código de lengua del texto/banda sonora o título independiente spa
Código de lengua original eng
082 04 - NÚMERO DE LA CLASIFICACIÓN DECIMAL DEWEY
Número de clasificación 507.2
Número de documento/Ítem S13m
100 1# - ENTRADA PRINCIPAL--NOMBRE DE PERSONA
Nombre de persona Sagan, Carl
Fechas asociadas al nombre 1934-1996
Término indicativo de función/relación autor
9 (RLIN) 6178
245 13 - MENCIÓN DE TÍTULO
Título El mundo y sus demonios
Resto del título la ciencia como una luz en la oscuridad
Mención de responsabilidad, etc. Carl Sagan ; traducción de Dolors Udina
250 ## - MENCIÓN DE EDICIÓN
Mención de edición Vigésima quinta edición
264 #1 - PRODUCCIÓN, PUBLICACIÓN, DISTRIBUCIÓN, FABRICACIÓN Y COPYRIGHT
Producción, publicación, distribución, fabricación y copyright Bogotá
Nombre del de productor, editor, distribuidor, fabricante Editorial Planeta colombiana
Fecha de producción, publicación, distribución, fabricación o copyright 2019
-- 2020
300 ## - DESCRIPCIÓN FÍSICA
Extensión 493 páginas
Dimensiones 23 cm
336 ## - TIPO DE CONTENIDO
Término de tipo de contenido texto
Código de tipo de contenido txt
Fuente rdacontent
337 ## - TIPO DE MEDIO
Nombre/término del tipo de medio sin mediación
Código del tipo de medio n
Fuente rdamedia
338 ## - TIPO DE SOPORTE
Nombre/término del tipo de soporte volumen
Código del tipo de soporte nc
Fuente rdacarrier
500 ## - NOTA GENERAL
Nota general ¿Estamos al borde de una nueva edad oscura de irracionalismo y superstición? En este libro conmovedor y argumentado con brillantez, el científico de renombre internacional Cari Sagan demuestra que el pensamiento científico es necesario para salvaguardar nuestras instituciones democráticas y nuestra civilización técnica. El mundo y sus demonios es su libro más personal y está más lleno de historias humanas entrañables y reveladoras que todo lo escrito por Sagan anteriormente. El autor, con las experiencias de su propia infancia y la apasionante historia de los descubrimientos de la ciencia, muestra cómo el método del pensamiento racional puede superar prejuicios y supersticiones para dejar al descubierto la verdad, que, con frecuencia, resulta sorprendente.<br/><br/>Desenmascara de forma convincente las «abducciones por extraterrestres», los «canalizadores», el fraude de los curanderos, la «Cara en Marte», entre otras muchas falacias. Rechaza, asimismo, la idea de que la ciencia destruye la espiritualidad o de que es otro sistema arbitrario de creencias. Se pregunta por qué la actividad científica suele ser hoy estigmatizada, discute los peligros de utilizar mal la ciencia y proporciona un «método de detección de camelos» en el pensamiento político, social y religioso. Controvertido, provocador, sugestivo, El mundo y sus demonios será sin duda un libro del que se hablará y discutirá con pasión.
521 ## - NOTA DE PÚBLICO DESTINATARIO
Nota de público destinatario Recomendado para público adulto
534 ## - NOTA SOBRE LA VERSIÓN ORIGINAL
Mención de título del original The demond-haunted world
650 17 - PUNTO DE ACCESO ADICIONAL DE MATERIA--TÉRMINO DE MATERIA
Fuente del encabezamiento o término LEMB
Término de materia o nombre geográfico como elemento de entrada Ciencia
Subdivisión de forma Curiosidades y enigmas
9 (RLIN) 74949
650 17 - PUNTO DE ACCESO ADICIONAL DE MATERIA--TÉRMINO DE MATERIA
Fuente del encabezamiento o término LEMB
Término de materia o nombre geográfico como elemento de entrada Ciencia del espacio
Subdivisión de forma Curiosidades y enigmas
9 (RLIN) 167687
650 17 - PUNTO DE ACCESO ADICIONAL DE MATERIA--TÉRMINO DE MATERIA
Fuente del encabezamiento o término LEMB
Término de materia o nombre geográfico como elemento de entrada Ciencia y civilización
Subdivisión de forma Curiosidades y enigmas
9 (RLIN) 20210
700 1# - PUNTO DE ACCESO ADICIONAL--NOMBRE DE PERSONA
Nombre de persona Udina, Dolors
Término indicativo de función/relación traductora
9 (RLIN) 9072
942 ## - ELEMENTOS DE PUNTO DE ACCESO ADICIONAL (KOHA)
Fuente del sistema de clasificación o colocación
Tipo de ítem Koha Libro
Existencias
Estado de retiro Estado de pérdida Fuente del sistema de clasificación o colocación Estado dañado No para préstamo Código de colección Localización permanente Ubicación/localización actual Fecha de adquisición Fuente de adquisición Número de inventario Total de préstamos Renovaciones totales Signatura topográfica completa Código de barras Fecha visto por última vez Fecha del último préstamo Número de copia Precio válido a partir de Tipo de ítem Koha Nota pública
          Colección General Biblioteca Pública San Juan Bosco Biblioteca Pública San Juan Bosco 08/01/2021 Compra NT 17 6 507.2 S13m MOS500361 14/04/2026 06/04/2026 ej 1 08/01/2021 Libro Ocho dias

© Todos los derechos reservados para la Biblioteca Pública Municipal San Juan Bosco, 2020
Secretaria de Cultura de Mosquera
Carrera 3 N° 10 Esquina Centro Cultural Barrio El Carmén Teléfono: 8270830 Ext: 34
Funcionando con KOHA
Contacto: Biblioteca Pública Municipal San Juan Bosco/ bibliotecasanjuanbosco@mosquera-cundinamarca.gov.co
Mosquera, Cundinamarca